000 00407nam a22001697a 4500
005 20160623162752.0
008 160623b xxu||||| |||| 00| 0 eng d
020 _a978-81-203-4233-0
041 _aeng
082 _b9435
100 _aChakrabarti, Amlan
_92606
245 _aEnergy Engineering and Management
260 _bPHI
_c2011
300 _a246
650 _aDiploma Engineering
_9817
942 _cBK
999 _c3721
_d3720